Представление документа в формате RUSMARC

ПолеНазваниеЗначение
  Тип записи a
  Библиографический уровень a
001 Контрольный номер RU/CBS_UL/BASE/1fe24ac8eb9c4037a1bec5b18a7b7d7f
005 Дата корректировки 20251009144208.2
100 Данные общей обработки __
a Данные общей обработки 20251009 ||| 0rusy0189 ca
101 Язык документа 0_
a Язык текста rus
102 Страна публикации __
a Страна публикации RU
200 Заглавие и сведения об ответственности 1_
a Заглавие Сказка о старом гвозде
f Первые сведения об ответственности Т. Рабцева
300 Общие примечания __
a Общие примечания 6+
461 Уровень набора _0
1 2000
a Саша и Даша
463 Уровень физической единицы _0
1 2000
a № 7
v С. 20-21
1 2101
d 2025
1 001RU/CBS_UL/BASE/fe566220822e422eb7c7ec0fbbf35e02
606 Тематические рубрики 0_
a Основная рубрика Российская детская литература, 21 в.
610 Ключевые слова 0_
a Ключевые слова российская детская литература
610 Ключевые слова 0_
a Ключевые слова детская литература
610 Ключевые слова 0_
a Ключевые слова детская проза
610 Ключевые слова 0_
a Ключевые слова авторские сказки
610 Ключевые слова 0_
a Ключевые слова детские рассказы
686 Индексы других классификаций __
a Классификационный индекс 84(2Рос=Рус)6
700 Автор _1
a Фамилия Рабцева
b Имя (инициалы) Т.
801 Источник записи _0
a Страна RU
b Организация МБУК ЦБС г. Ульяновска
c Дата составления 20251009
g Правила каталогизации RCR
801 Источник записи _1
a Страна RU
b Организация МБУК ЦБС г. Ульяновска
c Дата составления 20251009
g Правила каталогизации RCR
901 Тип документа __
t Тип документа b
w Контрольный № источника RU/CBS_UL/BASE/fe566220822e422eb7c7ec0fbbf35e02
909 Создатель записи __
a Создатель записи mbo